A Budapesti Műszaki és Gazdaságtudományi Egyetem public relations tevékenysége

Elmentve itt :
Bibliográfiai részletek
Szerző: Budai Éva
További közreműködők: Csekő Melinda (Témavezető)
Dokumentumtípus: Szakdolgozat
Megjelent: 2004
Tárgyszavak:
Online Access:http://diploma.bibl.u-szeged.hu/38337
LEADER 00571nta a2200157 i 4500
001 dipl38337
005 20130411112742.0
008 130411s2004 hu om 0|| hun d
040 |a SZTE Diploma Repozitórium  |b hun 
041 |a hun 
100 1 |a Budai Éva 
245 1 2 |a A Budapesti Műszaki és Gazdaságtudományi Egyetem public relations tevékenysége  |h [elektronikus dokumentum] /  |c Éva Budai 
260 |c 2004 
650 4 |a Bölcsészettudományok 
700 1 |a Csekő Melinda  |e ths 
856 4 0 |u http://diploma.bibl.u-szeged.hu/id/eprint/38337/1/2004_budai_eva.pdf  |z Dokumentum-elérés